| 000 | 00838 a2200193 4500 | ||
|---|---|---|---|
| 003 | Nust | ||
| 005 | 20221028181918.0 | ||
| 040 | _cNust | ||
| 082 | _a621.31,SKL | ||
| 100 |
_aSkillig, Hugh Hildreth _9101691 |
||
| 245 |
_aTransient electric currents / _cHugh Hildreth Skillig |
||
| 250 | _a2nd | ||
| 260 |
_aMcGraw-Hill _bToronto _c1952 |
||
| 300 | _a361p. | ||
| 505 | _aThe Behavior of Inductance (Page-11), The Behavior of Condensers (Page-34), The Circuit Equations (Page-57), The Complete Single Circuit (Page-75), Networks (Page-127), Response to Aliernating Voltage (Page-185), Coupled Resonant Circuits (Page-220), Circuits with Variable Parameters (Page-239), Traveling Waves (Page-262), Laplace Transformation (Page-306). | ||
| 650 | _aElectrical engineering | ||
| 651 |
_aElectronic engineering _9101692 |
||
| 942 |
_2ddc _cBK |
||
| 999 |
_c180538 _d180538 |
||